[Event "Oberfranken-ch"]
[Site "Lichtenfels"]
[Date "2012.01.06"]
[Round "7.7"]
[White "Bizzell, Brandon"]
[Black "Wilfert, Andre"]
[Result "1-0"]
[WhiteElo "1983"]
[BlackElo "2093"]
[PlyCount "55"]
[EventDate "2012.01.03"]
[EventType "swiss"]
[EventRounds "7"]
[EventCountry "GER"]
[SourceTitle "EXT 2019"]
[Source "ChessBase"]
[SourceDate "2018.10.10"]
[SourceVersion "1"]
[SourceVersionDate "2018.10.10"]
[SourceQuality "1"]

1. e4 c5 2. c3 d5 3. exd5 Nf6 4. Nf3 Nxd5 5. d4 cxd4 6. Qxd4 Nc6 7. Bb5 e6 8. 0-0 Bd7 9. Qe4 Nf6 10. Qe2 Qc7 11. Bg5 Be7 12. Nbd2 h6 13. Bh4 0-0 14. Rad1 Rad8 15. Rfe1 Rfe8 16. Bg3 Bd6 17. Bxd6 Qxd6 18. Ne4 Qe7 19. Nd6 Rf8 20. Nxb7 Rb8 21. Nd6 Rb6 22. a4 Na5 23. Nf5 Qe8 24. Bxd7 Nxd7 25. b4 Nc6 26. a5 Rb8 27. Nd6 Qe7 28. Qa6 1-0

[Event "Oberfranken-ch"]
[Site "Lichtenfels"]
[Date "2012.01.05"]
[Round "6.5"]
[White "Geisensetter, Franz"]
[Black "Bizzell, Brandon"]
[Result "1/2-1/2"]
[WhiteElo "2094"]
[BlackElo "1983"]
[PlyCount "55"]
[EventDate "2012.01.03"]
[EventType "swiss"]
[EventRounds "7"]
[EventCountry "GER"]
[SourceTitle "EXT 2019"]
[Source "ChessBase"]
[SourceDate "2018.10.10"]
[SourceVersion "1"]
[SourceVersionDate "2018.10.10"]
[SourceQuality "1"]

1. e4 d5 2. exd5 Qxd5 3. Nc3 Qd6 4. d4 Nf6 5. Nf3 a6 6. Be2 e6 7. Ne5 c5 8. Be3 Qc7 9. 0-0 Nbd7 10. Nxd7 Bxd7 11. Bf3 Rd8 12. Qe2 Bd6 13. h3 b5 14. dxc5 Bh2+ 15. Kh1 b4 16. c6 Bxc6 17. Bxc6+ Qxc6 18. Kxh2 bxc3 19. bxc3 0-0 20. Rfd1 Nd5 21. Bd4 Rc8 22. Rd3 f6 23. Qd2 Rfd8 24. Rd1 Rd7 25. Kg1 Rcd8 26. f3 Qc4 27. a3 Kf7 28. Rb1 1/2-1/2

[Event "Regionalliga NW 0809"]
[Site "Bayern"]
[Date "2008.10.05"]
[Round "1.4"]
[White "Bizzell, Brandon"]
[Black "Basel, Matthias"]
[Result "1/2-1/2"]
[WhiteElo "1916"]
[BlackElo "1994"]
[PlyCount "44"]
[EventDate "2008.10.05"]
[EventType "team-tourn"]
[EventRounds "9"]
[EventCountry "GER"]
[SourceTitle "EXT 2020"]
[Source "ChessBase"]
[SourceDate "2019.10.17"]
[SourceVersion "1"]
[SourceVersionDate "2019.10.17"]
[SourceQuality "1"]
[WhiteTeam "Bamberg SC II"]
[BlackTeam "Kitzingen"]
[WhiteTeamCountry "GER"]
[BlackTeamCountry "GER"]

1. e4 g6 2. Nf3 Bg7 3. g3 d6 4. Bg2 c5 5. 0-0 Nc6 6. c3 e5 7. Na3 Nge7 8. Qe2 0-0 9. Nc2 Rb8 10. Rd1 Qb6 11. Ne3 Re8 12. b3 h6 13. Bb2 Be6 14. Nc4 Qc7 15. d4 Bg4 16. dxc5 dxc5 17. Qe3 b6 18. Nd6 Red8 19. Nb5 Qb7 20. Nd6 Qc7 21. Nb5 Qb7 22. Nd6 Qc7 1/2-1/2

[Event "Oberfranken-ch M 0708"]
[Site "Schney"]
[Date "2008.01.05"]
[Round "7"]
[White "Kuespert, Helmut"]
[Black "Bizzell, Brandon"]
[Result "0-1"]
[WhiteElo "2081"]
[BlackElo "1958"]
[PlyCount "154"]
[EventDate "2008.01.02"]
[EventType "swiss"]
[EventRounds "7"]
[EventCountry "GER"]
[SourceTitle "CBM 122 Extra"]
[Source "ChessBase"]
[SourceDate "2008.03.04"]
[SourceVersion "1"]
[SourceVersionDate "2008.03.04"]
[SourceQuality "1"]

1. c4 Nf6 2. b3 e5 3. Bb2 d6 4. e3 g6 5. g3 Bg7 6. Bg2 0-0 7. d3 Re8 8. Ne2 c6 9. 0-0 d5 10. h3 Nbd7 11. Qc2 a5 12. a3 dxc4 13. Qxc4 Nb6 14. Qc2 Nfd5 15. e4 Nc7 16. f4 f5 17. Nd2 fxe4 18. dxe4 Qe7 19. Kh2 Bd7 20. Rf2 Rf8 21. Raf1 Rae8 22. Bc3 Qxa3 23. Ra1 Qc5 24. Rff1 Nb5 25. Rxa5 exf4 26. b4 fxg3+ 27. Kh1 Rxf1+ 28. Nxf1 Qf2 29. Bxg7 Kxg7 30. Nfxg3 Qe1+ 31. Kh2 Qxb4 32. Ra1 Nd4 33. Nxd4 Qxd4 34. Rd1 Qb4 35. Rb1 Qd4 36. Rd1 Qe5 37. Qb3 Qc5 38. Qb2+ Kg8 39. Qb3+ Be6 40. Qb2 Rf8 41. Rb1 Nd7 42. Rc1 Qe3 43. Rc2 Qb3 44. Qc1 Ne5 45. Rc3 Qb6 46. Qg5 Qa5 47. Qc1 Rf2 48. Nh1 Ra2 49. Rc2 Qc7 50. Ng3 h5 51. Rxa2 Bxa2 52. Qg5 c5 53. Kh1 Kh7 54. Ne2 Qd6 55. Nf4 b5 56. Qg3 Bf7 57. Nd3 Qxd3 58. Qxe5 Qc4 59. Qe7 b4 60. e5 b3 61. e6 Qxe6 62. Qxc5 Qe1+ 63. Kh2 b2 64. Qc7 b1Q 65. Qxf7+ Kh6 66. Qf8+ Kg5 67. Qd8+ Kf4 68. Qf6+ Qf5 69. Qd4+ Kg5 70. Qd8+ Qf6 71. Qd5+ Qee5+ 72. Qxe5+ Qxe5+ 73. Kg1 Qe3+ 74. Kh2 Kf4 75. Kh1 Kg3 76. Bf1 Qf3+ 77. Kg1 Qf2+ 0-1

[Event "Oberfranken-ch M 0708"]
[Site "Schney"]
[Date "2008.01.02"]
[Round "1"]
[White "Bizzell, Brandon"]
[Black "Lengerer, Peter"]
[Result "1/2-1/2"]
[WhiteElo "1958"]
[BlackElo "2050"]
[PlyCount "37"]
[EventDate "2008.01.02"]
[EventType "swiss"]
[EventRounds "7"]
[EventCountry "GER"]
[SourceTitle "CBM 122 Extra"]
[Source "ChessBase"]
[SourceDate "2008.03.04"]
[SourceVersion "1"]
[SourceVersionDate "2008.03.04"]
[SourceQuality "1"]

1. e4 g6 2. d4 Bg7 3. Nc3 c6 4. f4 d5 5. e5 h5 6. Nf3 Bg4 7. Bd3 e6 8. h3 Bxf3 9. Qxf3 Qb6 10. Qf2 Ne7 11. b3 Nf5 12. Ne2 Bf8 13. 0-0 Nd7 14. Rb1 h4 15. Kh2 Be7 16. Re1 Qc7 17. Bd2 b5 18. c3 a6 19. Rec1 1/2-1/2

[Event "Regionalliga NW 0607"]
[Site "Bayern"]
[Date "2006.10.29"]
[Round "2.8"]
[White "Bizzell, Brandon"]
[Black "Stumpf, Hilmar"]
[Result "0-1"]
[WhiteElo "1830"]
[BlackElo "1895"]
[PlyCount "70"]
[EventDate "2006.10.15"]
[EventType "team-tourn"]
[EventRounds "9"]
[EventCountry "GER"]
[SourceTitle "EXT 2008"]
[Source "ChessBase"]
[SourceDate "2007.11.25"]
[SourceVersion "1"]
[SourceVersionDate "2007.11.25"]
[SourceQuality "1"]
[WhiteTeam "Bamberg II"]
[BlackTeam "Nordhalben"]
[WhiteTeamCountry "GER"]
[BlackTeamCountry "GER"]

1. e4 g6 2. d3 Bg7 3. Nf3 d6 4. g3 c6 5. Bg2 Nf6 6. 0-0 0-0 7. c3 e5 8. h3 Qb6 9. Qc2 Re8 10. Re1 Nbd7 11. d4 Nf8 12. Nbd2 Qc7 13. b3 Be6 14. Bb2 Nh5 15. Nh4 Qb6 16. Qd3 Rad8 17. Nc4 Qc7 18. Ne3 Bd7 19. Kh2 Ne6 20. Nf3 Bc8 21. Nd2 b5 22. b4 Qb6 23. Nb3 a6 24. Qd2 Bb7 25. Na5 Ba8 26. a4 exd4 27. cxd4 Nxd4 28. axb5 axb5 29. Ng4 c5 30. Bxd4 Bxd4 31. Nh6+ Kf8 32. Nb3 Bg7 33. Kg1 c4 34. g4 Nf6 35. Nd4 Nxg4 0-1

[Event "Regionalliga NW 0506"]
[Site "Bayern"]
[Date "2005.11.27"]
[Round "3.8"]
[White "Becker, Thomas3333"]
[Black "Bizzell, Brandon"]
[Result "1/2-1/2"]
[WhiteElo "1863"]
[BlackElo "1718"]
[PlyCount "61"]
[EventDate "2005.10.23"]
[EventType "team-tourn"]
[EventRounds "9"]
[EventCountry "GER"]
[SourceTitle "EXT 2007"]
[Source "ChessBase"]
[SourceDate "2006.11.23"]
[SourceVersion "1"]
[SourceVersionDate "2006.11.23"]
[SourceQuality "1"]

1. c4 f5 2. Nf3 Nf6 3. Nc3 e6 4. g3 Be7 5. Bg2 0-0 6. 0-0 c6 7. d4 d5 8. b3 Ne4 9. Qd3 Nd7 10. cxd5 exd5 11. Ne5 Nxe5 12. dxe5 Bb4 13. Bb2 Qe7 14. Nxe4 fxe4 15. Qe3 Bc5 16. Qd2 Bg4 17. h3 Bh5 18. Rac1 Bb6 19. g4 Bg6 20. Rce1 e3 21. fxe3 Qg5 22. Bd4 Bxd4 23. Qxd4 Rfe8 24. e4 dxe4 25. Bxe4 Bxe4 26. Qxe4 Qxe5 27. Qc4+ Kh8 28. Rf3 Rf8 29. Ref1 Rxf3 30. Rxf3 Re8 31. Qf4 1/2-1/2

[Event "Regionalliga NW 0506"]
[Site "Bayern"]
[Date "2005.11.13"]
[Round "2.8"]
[White "Bizzell, Brandon"]
[Black "Reissner, Andreas"]
[Result "0-1"]
[WhiteElo "1741"]
[BlackElo "1786"]
[PlyCount "120"]
[EventDate "2005.10.23"]
[EventType "team-tourn"]
[EventRounds "9"]
[EventCountry "GER"]
[SourceTitle "EXT 2007"]
[Source "ChessBase"]
[SourceDate "2006.11.23"]
[SourceVersion "1"]
[SourceVersionDate "2006.11.23"]
[SourceQuality "1"]

1. e4 e5 2. Nc3 Bc5 3. Nf3 Nc6 4. a3 d6 5. h3 Nf6 6. Bc4 0-0 7. d3 Be6 8. Bg5 Bxc4 9. dxc4 Ne7 10. Bxf6 gxf6 11. Nh4 Kh8 12. Qf3 Ng6 13. Nf5 c6 14. Rd1 Bd4 15. h4 Rg8 16. g3 a5 17. b3 Nf8 18. Ne2 Bc5 19. Nxd6 Qe7 20. Nf5 Qe6 21. g4 b5 22. cxb5 cxb5 23. Nc3 Bxa3 24. Nd5 Rc8 25. c3 Nd7 26. Rh3 Nb8 27. Rg3 Nc6 28. g5 Rcd8 29. Nxf6 Rxd1+ 30. Qxd1 Be7 31. Nxe7 Nxe7 32. Qh5 Rg7 33. Qd1 Ng8 34. Nxg8 Rxg8 35. Qd5 Rb8 36. Qxe6 fxe6 37. Rd3 Rc8 38. Kd2 Kg7 39. Rd7+ Kg6 40. Rd6 Kf7 41. Rd7+ Kg6 42. Kd3 Rf8 43. Ke3 Rc8 44. Kd3 Rf8 45. Rd6 Rf3+ 46. Ke2 Rxc3 47. Rxe6+ Kf7 48. Rxe5 Rxb3 49. Rf5+ Kg7 50. e5 Rb4 51. f3 a4 52. e6 a3 53. e7 Rb2+ 54. Kd3 Rb3+ 55. Kd4 a2 56. e8N+ Kg8 57. Nf6+ Kh8 58. Nh5 a1Q+ 59. Kd5 Qa8+ 60. Ke6 Rxf3 0-1

[Event "Oberfranken-ch U16 0405"]
[Site "Schney"]
[Date "2005.01.04"]
[Round "6"]
[White "Voelkel, Patrick"]
[Black "Bizzell, Brandon"]
[Result "0-1"]
[WhiteElo "820"]
[BlackElo "1349"]
[PlyCount "88"]
[EventDate "2005.01.02"]
[EventType "swiss"]
[EventRounds "7"]
[EventCountry "GER"]
[SourceTitle "EXT 2007"]
[Source "ChessBase"]
[SourceDate "2006.11.23"]
[SourceVersion "1"]
[SourceVersionDate "2006.11.23"]
[SourceQuality "1"]

1. e4 d5 2. exd5 Qxd5 3. c4 Qd6 4. d3 Nc6 5. Nf3 Bf5 6. a3 Rd8 7. Nc3 Bxd3 8. Bxd3 Qxd3 9. Qxd3 Rxd3 10. Nb5 Rd7 11. Bf4 e5 12. Bxe5 Nxe5 13. Nxe5 Re7 14. Nxc7+ Rxc7 15. 0-0 f6 16. Nf3 Rxc4 17. Rfe1+ Kf7 18. Rad1 Rc7 19. Rc1 Rd7 20. g4 g5 21. h4 h6 22. h5 Ne7 23. Rc4 Nc6 24. Rce4 Re7 25. Nd2 Rxe4 26. Rxe4 Bd6 27. Nc4 Be5 28. Nxe5+ Nxe5 29. b4 Rc8 30. b5 Rc4 31. Rxc4 Nxc4 32. a4 b6 33. Kf1 Nb2 34. Ke2 Nxa4 35. Kd3 Ke6 36. Kd4 Nc5 37. f3 f5 38. f4 fxg4 39. fxg5 hxg5 40. Ke3 Kf6 41. Kf2 Kg7 42. Kg3 Na4 43. Kxg4 Nc3 44. Kf5 Nxb5 0-1

[Event "Oberfranken-ch U16 0405"]
[Site "Schney"]
[Date "2005.01.03"]
[Round "5"]
[White "Bizzell, Brandon"]
[Black "Biniszewski, Dominik"]
[Result "1/2-1/2"]
[WhiteElo "1349"]
[BlackElo "1377"]
[PlyCount "37"]
[EventDate "2005.01.02"]
[EventType "swiss"]
[EventRounds "7"]
[EventCountry "GER"]
[SourceTitle "EXT 2007"]
[Source "ChessBase"]
[SourceDate "2006.11.23"]
[SourceVersion "1"]
[SourceVersionDate "2006.11.23"]
[SourceQuality "1"]

1. e4 c5 2. Nc3 d6 3. f4 Nc6 4. Nf3 Nf6 5. Bb5 Bd7 6. 0-0 a6 7. Bxc6 Bxc6 8. d3 e6 9. Qe1 Be7 10. Qg3 Nh5 11. Qg4 g6 12. Ne2 Nf6 13. Qh3 h5 14. Ng5 Nd7 15. Bd2 Bxg5 16. fxg5 e5 17. Rf2 Qe7 18. Raf1 Rh7 19. g4 1/2-1/2